Normal view MARC view
  • Prognoscentret AB

Entry Corporate Name

Number of records used in: 1

001 - CONTROL NUMBER

  • control field: 4828

003 - CONTROL NUMBER IDENTIFIER

  • control field: SIRSI

005 - DATE AND TIME OF LATEST TRANSACTION

  • control field: 20190806150237.0

008 - FIXED-LENGTH DATA ELEMENTS

  • fixed length control field: 051216n| aaannaabn |n ana d

040 ## - CATALOGING SOURCE

  • Original cataloging agency: OSt
  • Transcribing agency: OSt

110 2# - HEADING--CORPORATE NAME

  • Corporate name or jurisdiction name as entry element: Prognoscentret AB

670 ## - SOURCE DATA FOUND

  • Source citation: 57th Euroconstruct Conference, Stockholm, Sweden, 2004